Name EVERY Taylor Swift Song - Statistics

General Stats
  • This quiz has been taken 213 times
    187 since last reset
  • The average score is 113 of 167
Answer Stats
ALBUM SONG % Correct
Lover ME! (feat. Brendon Urie of Panic! At the Disco)
96%
Speak Now (Deluxe Edition) Ours
94%
Taylor Swift Our Song
91%
Fearless Fearless
88%
Taylor Swift Tim McGraw
88%
Lover Lover
87%
Speak Now Speak Now
86%
Speak Now Mine (US Version)
85%
Taylor Swift Picture to Burn
85%
folklore cardigan
84%
Fearless Love Story
84%
1989 Blank Space
83%
1989 (Deluxe Edition) Blank Space (Voice Memo)
83%
Taylor Swift (Bonus Track Version) Invisible
83%
reputation ...Ready For It?
83%
RED Red
83%
RED (Deluxe Edition) Red (Original Demo Recording)
83%
1989 Welcome To New York
83%
reputation Delicate
82%
RED All Too Well
81%
reputation Look What You Made Me Do
81%
Speak Now Mean
81%
1989 Shake It Off
81%
Speak Now Back to December
80%
Speak Now (Deluxe Edition) Back to December (Acoustic)
80%
1989 Bad Blood
80%
1989 Style
80%
Fearless You Belong With Me
80%
folklore august
79%
reputation Dress
79%
reputation End Game (feat. Ed Sheeran & Future)
79%
Fearless Fifteen
79%
reputation New Year's Day
79%
1989 (Deluxe Edition) Wonderland
79%
Lover You Need To Calm Down
79%
1989 Clean
78%
Taylor Swift Teardrops On My Guitar
78%
Taylor Swift (Bonus Track Version) Teardrops On My Guitar (Pop Version)
78%
Lover The Archer
78%
RED 22
77%
folklore betty
77%
Lover Cornelia Street
77%
Lover Cruel Summer
77%
Lover Daylight
77%
reputation Don't Blame Me
77%
reputation Getaway Car
77%
Lover I Forgot That You Existed
77%
Speak Now (Deluxe Edition) Mine
77%
1989 Out of the Woods
77%
Lover Paper Rings
77%
folklore the 1
77%
reputation This Is Why We Can't Have Nice Things
77%
Fearless White Horse
77%
Speak Now Dear John
76%
Speak Now Enchanted
76%
folklore my tears ricochet
76%
Speak Now Sparks Fly
76%
reputation Call It What You Want
75%
folklore exile (feat. Bon Iver)
75%
reputation So It Goes...
75%
RED State of Grace
75%
RED (Deluxe Edition) State of Grace (Acoustic Version)
75%
RED We Are Never Ever Getting Back Together
75%
Speak Now Better Than Revenge
74%
RED I Knew You Were Trouble
74%
reputation King of My Heart
74%
folklore the last great american dynasty
74%
Lover The Man
74%
1989 Wildest Dreams
74%
Lover Afterglow
73%
Taylor Swift Cold As You
73%
reputation Gorgeous
73%
reputation I Did Something Bad
73%
Taylor Swift Mary's Song (Oh My My My)
73%
Lover Miss Americana & The Heartbreak Prince
73%
1989 (Deluxe Edition) New Romantics
73%
Lover Soon You'll Get Better (feat. Dixie Chicks)
73%
folklore (deluxe) the lakes
73%
1989 All You Had To Do Was Stay
72%
folklore hoax
72%
folklore seven
72%
Speak Now Haunted
71%
Speak Now (Deluxe Edition) Haunted (Acoustic)
71%
1989 How You Get the Girl
71%
1989 This Love
71%
reputation Dancing With Our Hands Tied
70%
folklore invisible string
70%
Lover It's Nice To Have A Friend
70%
Speak Now Long Live
70%
The Hunger Games Safe & Sound (feat. The Civil Wars)
70%
RED Stay Stay Stay
70%
Speak Now Last Kiss
69%
Lover London Boy
69%
folklore mirrorball
69%
folklore this is me trying
69%
Fearless Hey Stephen
68%
Lover Death By A Thousand Cuts
67%
1989 I Know Places
67%
1989 (Deluxe Edition) I Know Places (Voice Memo)
67%
Speak Now Innocent
67%
Lover I Think He Knows
67%
Taylor Swift Should've Said No
67%
Speak Now (Deluxe Edition) Superman
67%
Speak Now The Story of Us
67%
1989 (Deluxe Edition) You Are In Love
67%
folklore epiphany
66%
Speak Now Never Grow Up
66%
RED Treacherous
66%
Beautiful Eyes EP Beautiful Eyes
65%
Lover False God
65%
folklore peace
65%
RED Everything Has Changed (feat. Ed Sheeran)
64%
folklore illicit affairs
64%
1989 I Wish You Would
64%
1989 (Deluxe Edition) I Wish You Would (Voice Memo)
64%
RED The Last Time (feat. Gary Lightbody)
64%
Taylor Swift Tied Together With a Smile
64%
RED (Deluxe Edition) Treacherous (Orginial Demo Recording)
64%
Fearless Breathe (feat. Colbie Caillat)
63%
Fearless Forever & Always
63%
Fearless (Platinum Edition) Forever & Always (Piano Version)
63%
RED Holy Ground
63%
RED Starlight
63%
RED Begin Again
61%
Hannah Montana: The Movie Crazier
61%
RED I Almost Do
61%
Fifty Shades Darker I Don't Wanna Live Forever (with Zayn)
61%
folklore mad woman
61%
Stand Up 2 Cancer Ronan
61%
Taylor Swift The Outside
61%
Fearless The Way I Loved You
61%
Taylor Swift A Place In This World
60%
RED Sad Beautiful Tragic
60%
Taylor Swift Stay Beautiful
60%
Fearless The Best Day
60%
Fearless You're Not Sorry
59%
RED (Deluxe Edition) Girl At Home
58%
Fearless (Platinum Edition) Jump Then Fall
58%
RED The Lucky One
58%
Fearless Change
56%
RED (Deluxe Edition) Come Back...Be Here
56%
Speak Now (Deluxe Edition) If This Was a Movie
56%
Taylor Swift (Bonus Track Version) I'm Only Me When I'm With You
56%
Fearless (Platinum Edition) The Other Side of the Door
56%
Valentine's Day Soundtrack Today Was a Fairytale
55%
Taylor Swift Holiday Collection Last Christmas
53%
Fearless (Platinum Edition) SuperStar
53%
RED (Deluxe Edition) The Moment I Knew
53%
The Hunger Games Eyes Open
52%
Taylor Swift (Bonus Track Version) A Perfectly Good Heart
51%
Fearless Tell Me Why
51%
Beautiful Eyes EP I Heart ?
49%
Fearless (Platinum Edition) Untouchable
49%
Fearless (Platinum Edition) Come in With the Rain
47%
Taylor Swift Holiday Collection White Christmas
45%
Taylor Swift Holiday Collection Silent Night
42%
One Chance Soundtrack Sweeter Than Fiction
42%
Taylor Swift Holiday Collection Santa Baby
39%
Taylor Swift Holiday Collection Christmas Must Be Something More
35%
Taylor Swift Holiday Collection Christmases When You Were Mine
34%
Two Lanes of Freedom Highway Don't Care (with Tim McGraw feat. Keith Urban)
33%
Strange Clouds Both of Us (B.o.B feat. Taylor Swift)
29%
Love Drunk Two Is Better Than One (Boys Like Girls feat. Taylor Swift)
27%
Bigger Babe (Sugarland feat. Taylor Swift)
25%
Taylor Swift (Exclusive Download) I'd Lie
22%
Battle Studies Half of My Heart (with John Mayer)
17%
Hope for Haiti Now Breathless
11%
No matching quizzes found
Score Distribution
Percent of People with Each Score
Percentile by Number Answered
Your Score History
You have not taken this quiz since the last reset